000 00927nam a2200253Ia 4500
003 OSt
005 20220927103939.0
006 a|||||r|||| 00| 0
007 ta
008 220926b |||||||| |||| 00| 0 eng d
024 _a95012
037 _cReference Collections
040 _aRTL
_cRTL
_beng
041 _2eng
_aeng
082 _a"X9(F551).1.N7, M2/UN"
110 _a"United nations, Economic Andsocial Commission For Asia And The Pacific"
_9362358
245 0 _aProceedings of the ESCAP/FAO UNEP export group
_b Meeting on fuelwood and charcoal
260 _aNew
_bYork United Nations U K
_c1982
490 _a"UN, Energy Resources Development Series.24"
650 _aCoal Industry
_9362359
700 _a"United nations, Economic Andsocial Commission For Asia And The Pacific"
_9362360
942 _h"X9(F551).1.N7, M2/UN"
_cCC
999 _c685222
_d685222